LEADER 02296nam 2200661Ia 450 001 9910453225303321 005 20211001171223.0 010 $a0-7748-2398-4 035 $a(CKB)2550000001160442 035 $a(EBL)3412814 035 $a(SSID)ssj0000819098 035 $a(PQKBManifestationID)11482096 035 $a(PQKBTitleCode)TC0000819098 035 $a(PQKBWorkID)10844452 035 $a(PQKB)10451505 035 $a(CEL)444277 035 $a(OCoLC)795624615 035 $a(CaBNVSL)slc00230720 035 $a(MiAaPQ)EBC3282159 035 $a(MiAaPQ)EBC3412814 035 $a(Au-PeEL)EBL3412814 035 $a(CaPaEBR)ebr10599097 035 $a(CaONFJC)MIL490243 035 $a(OCoLC)923449259 035 $a(EXLCZ)992550000001160442 100 $a20120614d2012 uy 0 101 0 $aeng 135 $aurcn||||||||| 181 $ctxt 182 $cc 183 $acr 200 10$aAcademic careers and the gender gap$b[electronic resource] /$fMaureen Baker 210 $aVancouver $cUBC Press$dc2012 215 $a1 online resource (221 p.) 311 $a0-7748-2396-8 311 $a1-299-58993-6 320 $aIncludes bibliographical references and index. 327 $aSetting the Scene -- Gendered Patterns of Education, Work, and Family Life -- University Restructuring and Global Markets -- Social Capital and Gendered Responses to University Practices -- Gendered Families and the Motherhood Penalty -- Subjectivities and the Gender Gap -- Explaining the Academic Gender Gap -- Methodological Appendix. 606 $aWomen college teachers 606 $aWomen in higher education 606 $aWork and family 606 $aSex role in the work environment 606 $aUniversities and colleges$xSocial aspects 608 $aElectronic books. 615 0$aWomen college teachers. 615 0$aWomen in higher education. 615 0$aWork and family. 615 0$aSex role in the work environment. 615 0$aUniversities and colleges$xSocial aspects. 676 $a378.1/2082 700 $aBaker$b Maureen$0929882 801 0$bMiAaPQ 801 1$bMiAaPQ 801 2$bMiAaPQ 906 $aBOOK 912 $a9910453225303321 996 $aAcademic careers and the gender gap$92090997 997 $aUNINA LEADER 01184nam 2200433 450 001 9910165084303321 005 20230808202818.0 010 $a1-5040-2558-X 035 $a(CKB)3890000000006695 035 $a(SSID)ssj0001683276 035 $a(PQKBManifestationID)16509553 035 $a(PQKBTitleCode)TC0001683276 035 $a(PQKBWorkID)15038077 035 $a(PQKB)10485872 035 $a(MiAaPQ)EBC4509785 035 $a(EXLCZ)993890000000006695 100 $a20160527h20162004 uy 0 101 0 $aeng 135 $aurcnu|||||||| 181 $ctxt 182 $cc 183 $acr 200 14$aThe devil in gray /$fGraham Masterton ; cover design by Kat Lee 210 1$aNew York :$cOpen Road,$d2016. 210 4$dİ2004 215 $a1 online resource (216 pages) 300 $aBibliographic Level Mode of Issuance: Monograph 606 $aHorror tales 615 0$aHorror tales. 676 $a808.83872 700 $aMasterton$b Graham$01376163 702 $aLee$b Kat 801 0$bMiAaPQ 801 1$bMiAaPQ 801 2$bMiAaPQ 906 $aBOOK 912 $a9910165084303321 996 $aThe devil in gray$93411590 997 $aUNINA